|
|
|
|
| LEADER |
00000nam a22000007i 4500 |
| 001 |
IT\ICCU\CFI\0047655 |
| 003 |
ItRI |
| 005 |
20260115232428.0 |
| 008 |
871224s1987 it |||||| ||||| |||||c |
| 040 |
|
|
|b ita
|c importazione bologna sebina
|
| 041 |
|
7 |
|a ita
|2 ISO-639-2
|
| 082 |
|
|
|a 612.6
|9 FISIOLOGIA UMANA. RIPRODUZIONE, SVILUPPO, MATURAZIONE
|2 19
|
| 245 |
0 |
0 |
|a 1. Seminario interregionale CIS I vissuti del piacere e la sessualità: riflessioni su fisiologia, psicologia, filosofia e valori etici del piacere :
|b Castel San Pietro Terme, 27-28 settembre 1986 /
|c organizzato dal Centro italiano di sessuologia, delegazioni regionali dell'Emilia-Romagna e della Toscana ; con la collaborazione del Servizio di sessuologia clinica, Dipartimento di psicologia, Università di Bologna.
|
| 246 |
1 |
3 |
|a I vissuti del piacere e la sessualità: riflessioni su fisiologia, psicologia, filosofia e valori etici del piacere. -
|9 IT\ICCU\CFI\0047677
|
| 246 |
1 |
3 |
|a 1. Seminario interregionale I vissuti del piacere e la sessualità: riflessioni sulla fisiologia, sulla psicologia, sulla filosofia e sui valori etici del piacere. -
|9 IT\ICCU\CFI\0047679
|
| 260 |
|
|
|a \S. l. :
|b s. n.,
|c 1987?!
|
| 300 |
|
|
|a 52 p. ;
|c 24 cm.
|
| 500 |
|
|
|a Tit. in cop.
|0 IT\ICCU\CFI\0047679
|
| 650 |
|
7 |
|a Sesso
|
| 710 |
2 |
|
|a Centro italiano di sessuologia
|0 IT\ICCU\CFIV\030504
|
| 791 |
2 |
|
|a CIS (Centro italiano di sessuologia)
|3 IT\ICCU\CFIV\149008
|z Centro italiano di sessuologia
|
| 942 |
|
|
|2 ddc
|c BK
|n 0
|
| 952 |
|
|
|0 0
|1 0
|4 0
|6 DOC_152_420000000000000_SEM
|7 0
|9 25604
|a BO
|b BO
|d 2026-01-15
|i 5515
|l 0
|o DOC 152.42 SEM
|p BO5515
|r 2026-01-15 23:24:28
|w 2026-01-15
|x [Sebina 7] [1 v.]
|y BK
|z 1 v.
|
| 999 |
|
|
|c 21729
|d 21729
|